President by VP Quiz Stats

 Plays Quiz not verified by Sporcle

Challenge
Share
Tweet
Embed
Score 0/20 Timer 07:00
0 Plays Today
Vice President President % Correct
Lyndon B. JohnsonJohn F. Kennedy
98.3%
Joe BidenBarack Obama
98.3%
Gerald FordRichard Nixon
96.6%
Al GoreBill Clinton
94.8%
Harry S. TrumanFranklin D. Roosevelt
91.4%
Aaron BurrThomas Jefferson
89.7%
Andrew JohnsonAbraham Lincoln
87.9%
John TylerWilliam Henry Harrison
86.2%
Theodore RooseveltWilliam McKinley
82.8%
Hubert HumphreyLyndon B. Johnson
82.8%
Vice President President % Correct
Millard FillmoreZachary Taylor
81%
Calvin CoolidgeWarren G. Harding
79.3%
George M. DallasJames Polk
65.5%
John C. BreckinridgeJames Buchanan
63.8%
Charles CurtisHerbert Hoover
63.8%
William R. KingFranklin Pierce
62.1%
Charles W. FairbanksTheodore Roosevelt
60.3%
Levi P. MortonBenjamin Harrison
58.6%
Daniel D. TompkinsJames Monroe
58.6%
Thomas HendricksGrover Cleveland
55.2%

You're not logged in!

Compare scores with friends on all Sporcle quizzes.
Join for Free
OR
Log In

You Might Also Like...

Show Comments

Extras

Top Quizzes Today


Score Distribution

Your Account Isn't Verified!

In order to create a playlist on Sporcle, you need to verify the email address you used during registration. Go to your Sporcle Settings to finish the process.

Report this User

Report this user for behavior that violates our Community Guidelines.

Details: